| 000 | 00650nam a22002537a 4500 | ||
|---|---|---|---|
| 003 | UA-OsUOA | ||
| 001 | 9475 | ||
| 007 | ta | ||
| 008 | 20041108b un ||||| |||| 00| 0 ukr d | ||
| 100 | _aИльичев Л. Ф. | ||
| 700 | _aКандель Е. П. | ||
| 700 | _aКолпинский Н. Ю. | ||
| 090 |
_a929:32 _bФ88 |
||
| 942 | _cBK | ||
| 040 |
_aUA-OsUOA _brus _cUA-OsUOA _dUA-OsUOA |
||
| 245 |
_aФридрих Энгельс _bБиография |
||
| 300 |
_a628 с. _bІлюстрації |
||
| 955 | _a0 | ||
| 041 | _arus | ||
| 080 | _a929:32 | ||
| 260 |
_aМосква _bПолитиздат _c1970 |
||
| 044 | _aRU | ||
| 650 | 7 | _2UDC | |
| 999 |
_c295636 _d295636 |
||